| 000 | 00747nam a2200205Ia 4500 | ||
|---|---|---|---|
| 003 | GCL | ||
| 008 | 140319s9999 xx 000 0 ara d | ||
| 020 | _a9 048 21 9953 | ||
| 040 |
_aGCL / _cGCL |
||
| 082 | 0 | 4 |
_a709.1 _bش ف |
| 100 | 1 | _aشاكر لعيبى | |
| 245 | 1 | 0 |
_aالفن الاسلامى والمسيحية العربية : _bدور المسيحيين العرب فى تكوين الفن الاسلامى / _cشاكر لعيبى |
| 260 |
_aبيروت : _bرياض الريس للكتب والنشر ، _c2001 |
||
| 300 |
_a179 ص ؛ _c24 سم |
||
| 650 | 0 | 4 | _aالحضارة الاسلامية |
| 650 | 0 | 4 | _aالفن المسيحى |
| 650 | 0 | 4 | _aالفن البيزنطى |
| 650 | 0 | 4 | _aالفن الاسلامى |
| 942 |
_2ddc _cBK |
||
| 999 |
_c5450 _d5450 |
||